000 nam a22 7a 4500
999 _c30015
_d30015
008 190118b xxu||||| |||| 00| 0 eng d
022 _a1876-3413 (Print).
022 _a1876-3405 (Online).
050 _aRA 441 .I58 2018
100 _aRoyal Society of Tropical Medicine and Hygiene.
245 _aInternational health/
260 _aOxford:
_bOxford University Press,
_c2018.
300 _a137- 213p. :
_bill. ;
_c28 cm.
440 _aInternational health
_vvol. 10, No. 3. May 2018.
650 _aWorld health.
650 _aWorld care.
650 _aWorld policy.
942 _2lcc
_cPERIODICAL
_hRA 441 .I58 2018